000 00236 a2200109 4500
001 68569
040 _cAnchieta - Itaigara
240 1 0 _aPeter Pan
_l
245 1 0 _aPeter Pan
650 4 _aLiteratura infanto-juvenil em inglês
942 _cMU
999 _c68569
_d68569